| 000 | 00402nam a22001577a 4500 | ||
|---|---|---|---|
| 999 |
_c2173 _d2173 |
||
| 005 | 20181009144446.0 | ||
| 008 | 181009b ||||| |||| 00| 0 eng d | ||
| 040 | _cDLC | ||
| 082 |
_a800 _bB7247P |
||
| 100 | _aBoom, Corie Ten | ||
| 245 |
_aA Prison and Yet... _cCorrie Ten Boom |
||
| 260 |
_aFort Washington, _bChipmunk Books _c1954 |
||
| 300 | _a176 p.; | ||
| 650 | _achristian life | ||
| 942 |
_2ddc _cBK |
||